00345nam a2200121Ia 4500008004100000082002000041100001400061245001400075260004000089300001000129630001800139650006600157211109s9999||||xx |||||||||||||| ||und|| a294.5922bVAL-R aValmiki,  0aRamayanam bNational Book StallaKottayamc1934 a175p. xGeneral Stack aReligions of Indic originvOther religionsReligionxGeneralia